000 00374nam a2200145Ia 4500
008 210210b1986 xxu||||| |||| 00| 0 eng d
020 _aTour
082 _a910.01 BHAT
100 _aBHATIA (A K).
245 _aTourism development: principles and practices.
260 _aND
_bSterling Publishers
_c1986
300 _axv,354
690 _aTravel & Tourism
906 _a041458
999 _c91427
_d91427